Marcos Ramírez (Aventuras de un muchacho)

Zapisane w:
Opis bibliograficzny
1. autor: Fallas, Carlos Luis
Format: Książka
Język:Undetermined
Wydane: San José, Costa Rica Falcó 1952
Hasła przedmiotowe:
Etykiety: Dodaj etykietę
Nie ma etykietki, Dołącz pierwszą etykiete!

MARC

LEADER 00000nam a2200000Ia 4500
008 170316s9999 xx 000 0 und d
040 |a cru BVZT 
090 |a 868 F-2mr 
100 |a Fallas, Carlos Luis 
245 |a Marcos Ramírez (Aventuras de un muchacho) 
260 |a San José, Costa Rica 
260 |b Falcó 
260 |c 1952 
300 |a 208 páginas 
650 |a LITERATURA COSTARRICENSE 
650 |a EN IDIOMA ESPAÑOL 
650 |a NOVELA 
999 |c 11034  |d 11034 
942 |c 15 D  |h 868 F-2mr  |2 z